Capitale d'Europe en photos - Statistiques

Statistiques générales
  • Ce quiz a été pris 179 fois
  • Le résultat moyen est 11 sur 16
Statistiques - réponses
Par images Réponse % Correct
Paris
100%
Londres
95%
Rome
93%
Moscou
89%
Athenes
84%
Berlin
81%
Madrid
76%
Lisbonne
64%
Oslo
61%
Kiev
55%
Helsinki
51%
Varsovie
51%
Stockholm
50%
Sofia
42%
Tallin
36%
Sarajevo
32%
Aucun quiz correspondant
Distribution des résultats
% des personnes avec chaque résultat
Percentile par nombre de réponses
Votre historique - résultats
Vous n’avez pas pris ce quiz